00487nam a2200157 a 450008200130000010000210001324500410003426000330007530000090010850000350011750500100015265000190016294200070018195201260018899900150031400a230bTRE aTrends, Emerging aFrontiers in Asian Christian Thology aNew YorkbOrbis Books c1994 a263p aincludes index and biblioraphy2 aIndex aTheology-Asian cBK 001040708StackRoom-aHMIbHMId2007-06-12g955.50l1o230 TREp017143r2018-07-10s2018-07-02v955.50w2005-05-24yBK c9944d9944